000 05726cam a22019334i 4500
003 PE-LiUPU
005 20250813165757.0
008 150706s2009 pe a r 000 0 spa d
020 _a6124549301
020 _a9786124549304
035 _a(Sirsi) i9786124549304
040 _aPE-LiUPU
_bspa
_cPE-LiUPU
_dPE-LiUPU
_erda
049 _aPRUA
082 0 4 _a657.3
_bA82
_221
082 0 4 _a657.3
_bA82 2009
_221
100 1 _aApaza Meza, Mario,
_eautor.
245 1 0 _aElaboración e interpretación de los nuevos EE.FF. Según NIIF y PCGE /
_cMario Apaza Meza.
264 1 _aLima :
_bGrupo Acrópolis,
_c2009.
300 _a01 CD-ROM
300 _a708, xiii páginas :
_bilustraciones ;
_c25 centímetros.
336 _atext
_2rdacontent
337 _aunmediated
_2rdamedia
338 _avolume
_2rdacarrier
490 0 _aEnciclopedia práctica de contabilidad y finanzas PCGE y NIIF ;
_v3
505 0 _aLos nuevos estados Financieros preparados y presentados bajo NIF y PCGE -- Elaboración de los Estados Financieros conforme a NIF y PCGE -- Estado de situación financiera -- Estado de resultados globales -- Estado de cambios en el Patrimonio Neto -- Estado de flujo de Efectivo -- Análisis e interpretación de los nuevos estados financieros -- Métrica para la valuación y medición del desempeño financiero.
526 _aP203
526 _aP200
526 _aSEG65
526 _aSEG64
526 _aSEG63
526 _aSEG62
526 _aSEG61
526 _aSEG60
526 _aSEG59
526 _aSEG58
526 _aSEG57
526 _aSEG56
526 _aSEG55
526 _aSEG54
526 _aSEG53
526 _aSEG52
526 _aSEG51
526 _aSEG50
526 _aSEG49
526 _aSEG48
526 _aSEG47
526 _aSEG46
526 _aSEG24
526 _aSEG23
526 _aSEG22
526 _aSEG21
526 _aSEG20
526 _aSEG19
526 _aSEG18
526 _aSEG17
526 _aSEG16
526 _aSEG14
526 _aSEG13
526 _aSEG12
526 _aSEG11
526 _aSEG10
526 _aSEG09
526 _aSEG06
526 _aSEG05
526 _aSEG04
526 _aSEG03
526 _aSEG02
526 _aSEG68
526 _aSEG66
526 _aSEG45
526 _aSEG25
526 _aSEG01
526 _aP163
526 _aP162
526 _aP161
526 _aP160
526 _aP159
526 _aP158
526 _aP157
526 _aP156
526 _aP155
526 _aP154
526 _aP153
526 _aP152
526 _aP151
526 _aP150
526 _aP149
526 _aP142
526 _aP141
526 _aP140
526 _aP139
526 _aP138
526 _aP137
526 _aP132
526 _aP131
526 _aP130
526 _aP126
526 _aP125
526 _aP124
526 _aP123
526 _aP115
526 _aP122
526 _aP121
526 _aP116
526 _a P114
526 _aP112
526 _aP111
526 _aP104
526 _aP103
526 _aP102
526 _aP101
526 _aP100
526 _aP96
526 _aP95
526 _aP93
526 _aP92
526 _aP91
526 _aP88
526 _aP83
526 _aP82
526 _aP79
526 _aP78
526 _aP75
526 _aP74
526 _aP71
526 _aP69
526 _a P51
526 _aP49
526 _aP48
526 _aP47
526 _aP33
526 _aP31
526 _a P30
526 _aP29
526 _aP27
526 _aP26
526 _aP25
526 _aP24
526 _a P22
526 _aP10
526 _aP09
526 _a P08
526 _aP06
526 _aP05
526 _aP04
526 _aP01
541 _g001-0034042;
541 _g001-0036504;
541 _g015-0011134;
650 0 4 _aInformes Financieros.
910 _agl
_bjv
_clch
_d20120106
942 _2ddc
_cBOOK
949 _a657.3 A82 T3 2009
_wDEWEY
_c1
_iFJ09917
_lCCODEBUJ1
_mBUJ
_p60.00
_r0
_sY
_tBOOK
_u2016-4-5
_xFCE
_PP08
_0COMPRA
_o.STAFF. Colección General
949 _a657.3 A82
_wDEWEY
_c1
_i61056
_d2016-9-4
_e2016-9-1
_lCCODEBUL1
_mBUL
_n4
_p9.00
_r0
_sY
_tBOOK
_u2015-7-6
_xFCE
_PP08
_0COMPRA
_o.STAFF. Colección Ciencias Empresariales
949 _a657.3 A82
_wDEWEY
_c2
_i64236
_lCCODEBUL1
_mBUL
_p56.00
_r0
_sY
_tBOOK
_u2015-7-6
_xFCE
_PP08
_0COMPRA
_o.STAFF. Colección General
949 _a657.3 A82
_wDEWEY
_c3
_i66121
_d2016-9-25
_e2016-9-22
_lCCODEBUL1
_mBUL
_n4
_p46.00
_r0
_sY
_tBOOK
_u2015-7-6
_xFCE
_PP08
_0COMPRA
_o.STAFF. Colección General
994 _aC0
_bPEPRU
596 _a1 3
999 _a657.3 A82
_wDEWEY
_c50388
_i61056
_d50388
_e2019-6-16
_f2021-11-5
_g6
_lCCODEBUL1
_mBUL
_n6
_p9.00
_q1
_r0
_sY
_tBOOK
_u2015-7-6
_xFCE
_PP08
_0COMPRA
_o.STAFF. Colección Ciencias Empresariales
999 _a657.3 A82
_wDEWEY
_c2
_i64236
_d2018-8-3
_f2019-12-11
_g5
_lCCODEBUL1
_mBUL
_p56.00
_q3
_r0
_sY
_tBOOK
_u2015-7-6
_xFCE
_PP08
_0COMPRA
_o.STAFF. Colección General
999 _a657.3 A82
_wDEWEY
_c3
_i66121
_d2019-8-7
_e2019-6-17
_f2021-11-5
_g6
_lCCODEBUL1
_mBUL
_n5
_p46.00
_q1
_r0
_sY
_tBOOK
_u2015-7-6
_xFCE
_PP08
_0COMPRA
_o.STAFF. Colección General
999 _a657.3 A82 T3 2009
_wDEWEY
_c1
_iFJ09917
_d2018-8-10
_f2022-1-31
_g4
_lCCODEBUJ1
_mBUJ
_p60.00
_q1
_r0
_sY
_tBOOK
_u2016-4-5
_xFCE
_PP08
_0COMPRA
_o.STAFF. Colección General Juliaca
980 _81
_gALBERTO SANCHEZ Responsable de Automatización